Οικονομική αξιολόγηση περιβαλλοντικών εξωτερικοτήτων από την χωροθέτηση και λειτουργία χώρων υγειονομικής ταφής απορριμμάτων ΧΥΤΑ : διπλωματική εργασία
Αποθηκεύτηκε σε:
| Κύριος συγγραφέας: | |
|---|---|
| Συγγραφή απο Οργανισμό/Αρχή: | |
| Μορφή: | Thesis Βιβλίο |
| Γλώσσα: | Greek |
| Δημοσίευση: |
2007.
|
| Θέματα: | |
| Διαθέσιμο Online: | http://hdl.handle.net/11610/10362 |
| Ετικέτες: |
Προσθήκη ετικέτας
Δεν υπάρχουν, Καταχωρήστε ετικέτα πρώτοι!
|
MARC
| LEADER | 00000cam a2200000 i 4500 | ||
|---|---|---|---|
| 001 | 1/102728 | ||
| 008 | 090316s2007 gre d | ||
| 035 | |l 10103776 | ||
| 040 | |a GR-MY-UA |b gre |e aacr | ||
| 041 | 0 | |a gre | |
| 082 | 0 | |a 333.7 |2 (22) | |
| 100 | 1 | |a Φαλτάκα, Παναγιώτα. | |
| 245 | 1 | 0 | |a Οικονομική αξιολόγηση περιβαλλοντικών εξωτερικοτήτων από την χωροθέτηση και λειτουργία χώρων υγειονομικής ταφής απορριμμάτων ΧΥΤΑ : |b διπλωματική εργασία / |c της φοιτήτριας Παναγιώτας Φαλτάκα ; επιβλέπων καθηγητής Μιχαήλ Σκούρτος. |
| 260 | |c 2007. | ||
| 300 | |a 150 σ. ; |c 30 εκ. | ||
| 502 | |a Πτυχιακή εργασία – Πανεπιστήμιο Αιγαίου, Λέσβος, 2007. | ||
| 504 | |a Περιέχει βιβλιογραφία. | ||
| 650 | 0 | 0 | |a Environmental economics. |
| 650 | 0 | 0 | |a Sanitary landfills |x Environmental aspects. |
| 650 | 0 | 0 | |a Integrated solid waste management. |
| 650 | 0 | 0 | |a Waste disposal sites |x Environmental aspects. |
| 650 | 0 | 0 | |a Environmental impact analysis |x Case studies. |
| 650 | 0 | 0 | |a Dissertations, Academic |z Greece. |
| 700 | 1 | |a Σκούρτος, Μιχάλης Σ. |e dgs | |
| 710 | 2 | |a Πανεπιστήμιο Αιγαίου. |b Σχολή Περιβάλλοντος. |b Τμήμα Περιβάλλοντος. | |
| 852 | |a INST |b LESVOS |c DIATR |e 20090316 |h 1135 |p 005100044558 |q 005100044558 |t DIE |y 23 | ||
| 852 | |a INST |b LESVOS |c DIATR |e 20090316 |h 1136 |p 005100044557 |q 005100044557 |t DIE |y 23 | ||
| 856 | |u http://hdl.handle.net/11610/10362 | ||
| 901 | |a BIBL1-2009-1 | ||
| 909 | |a Λ |b 130074 | ||
| 909 | |a Λ |b 130075 | ||
| 924 | |a ΣΚΟΥΡΤΟΣ |b ΜΙΧΑΛΗΣ |y ΛΕΣΒΟΣ |z 2007-11 | ||
| 970 | |a ΤΖΑΦΕΡΗ |b ΕΥΑΓΓΕΛΙΑ |z 2009/03/16 | ||